000 00422nam a22001697a 4500
003 MPLRDC
005 20220104124109.0
008 210129b ||||| |||| 00| 0 eng d
082 _a874.54 NATH
100 _a劳勃特. 纳珊
245 _a珍妮的肖像
_c周煦良译
250 _a一版一刷
260 _a
_b江苏人民出版社
_c1979
300 _b
650 _a美国文学
942 _cBK
_o874.54 NATH
999 _c16623
_d16613